Conciencia y lenguaje /
Gespeichert in:
| 1. Verfasser: | |
|---|---|
| Format: | Buch |
| Sprache: | Spanisch |
| Veröffentlicht: |
Madrid, España :
Visor,
1984
|
| Schlagworte: | |
| Tags: |
Keine Tags, Fügen Sie das erste Tag hinzu!
|
MARC
| LEADER | 00000nam^a2200000^a^4500 | ||
|---|---|---|---|
| 001 | 000005703 | ||
| 005 | 20250521000000.0 | ||
| 009 | 20260310083354.562 | ||
| 037 | |a Acervo ITESO - Biblioteca | ||
| 041 | |a ESP | ||
| 082 | |a 159. |b LUR | ||
| 100 | |a Luria, Alexander R. |e (autor) | ||
| 245 | 1 | 0 | |a Conciencia y lenguaje / |c A.R. Luria. |
| 264 | 1 | |a Madrid, España : |b Visor, |c 1984 | |
| 300 | |a 286 p. | ||
| 336 | |a texto |b txt |2 rdacontenido | ||
| 337 | |a sin mediación |b n |2 rdamedio | ||
| 338 | |a volumen |b nc |2 rdasoporte | ||
| 649 | |a XX | ||
| 650 | |a Comunicación Personal | ||
| 650 | |a Conciencia | ||
| 650 | |a Lenguaje y Pensamiento | ||
| 650 | |a Lingüística | ||
| 650 | |a Psicología Fisiológica | ||
| 910 | |a Fondo General | ||
| 920 | |a Impresos - Libros | ||
| 930 | |a Colección General | ||
| 905 | |a 101 | ||
| 901 | |a 0057030100 |b IT1 |c ACC |i 005703 |u 20250521 | ||
| 902 | |a https://opac.biblio.iteso.mx/vufind/Record/000005703 | ||